| 000 | 00877nam a2200181Ia 4500 | ||
|---|---|---|---|
| 008 | 090124s9999 xx 000 0 und d | ||
| 082 | _b12966 | ||
| 100 | _aकवडे पांडुरंग बाऴाजी | ||
| 245 | _a श्री छत्रपति शिवाजी महाराज यांचे चरित्र | ||
| 250 | _a1 | ||
| 260 |
_bरंगनाथ त्र्यंबक रत्नपारखी _c1974 |
||
| 300 | _a208 | ||
| 600 | _aकवडे पांडुरंग बाऴाजी | ||
| 630 | _a श्री छत्रपति शिवाजी महाराज यांचे चरित्र | ||
| 700 | _aकवडे पांडुरंग बाऴाजी | ||
| 730 | _a श्री छत्रपति शिवाजी महाराज यांचे चरित्र | ||
| 942 | _cBOOK | ||
| 999 |
_c98246 _d98246 |
||